| 000 | 01008cam a22002531i 4500 | ||
|---|---|---|---|
| 003 | SA-RiAUC | ||
| 005 | 20250313120926.0 | ||
| 008 | 250304s2012____le g 00000 ara c | ||
| 020 | _a5287000414319 | ||
| 040 |
_aSA-RiKSU _bara _cSA-RiAUC _erda |
||
| 082 | 0 | 4 |
_a398.5 _qSA-RiAUC |
| 090 |
_a398.5 _bا س د |
||
| 245 | 0 | 2 |
_aالأسد والغواص : _bحكاية رمزية عربية من القرن الخامس الهجري / _cباعتناء رضوان السيد. |
| 250 | _aالطبعة الثالثة. | ||
| 264 | 1 |
_aبيروت : _bمركز ابن الأزرق لدراسات التراث السياسي، _c2012 |
|
| 300 |
_a231 صفحة ؛ _c24 سم |
||
| 336 |
_aنص _btxt _2rdacontent _3كتاب |
||
| 337 |
_aبدون وسيط _bn _2rdamedia |
||
| 338 |
_aمجلد _bnc _2rdacarrier |
||
| 650 | 7 |
_aالقصص العربية الشعبية _yقرن 11 _2aucsh |
|
| 700 | 1 |
_aالسيد، رضوان، _d1949- _eمراجع. |
|
| 942 |
_2ddc _cBOOK _n0 |
||
| 949 |
_aSA-JeALM _d250304 _umohamedma123 _n1 |
||
| 999 |
_c6392 _d6392 |
||